<?xml version="1.0" encoding="UTF-8"?>
<record
    xmlns:xsi="http://www.w3.org/2001/XMLSchema-instance"
    xsi:schemaLocation="http://www.loc.gov/MARC21/slim http://www.loc.gov/standards/marcxml/schema/MARC21slim.xsd"
    xmlns="http://www.loc.gov/MARC21/slim">

  <leader>02095nam2a2200337   4500</leader>
  <controlfield tag="001">RU\NLR\BIBL_A\012497669</controlfield>
  <controlfield tag="005">20210426161814.0</controlfield>
  <datafield tag="010" ind1=" " ind2=" ">
    <subfield code="a">978-5-91681-041-7</subfield>
    <subfield code="b">&#x442;. 13-14</subfield>
    <subfield code="9">500</subfield>
  </datafield>
  <datafield tag="021" ind1=" " ind2=" ">
    <subfield code="a">RU</subfield>
    <subfield code="b">&#x41A;&#x41D;-&#x41F;-20-079074</subfield>
    <subfield code="9">&#x41A;&#x41D;-&#x41F;-20-5992</subfield>
  </datafield>
  <datafield tag="035" ind1=" " ind2=" ">
    <subfield code="a">(NLR Aleph) 012497669</subfield>
  </datafield>
  <datafield tag="090" ind1=" " ind2=" ">
    <subfield code="a">12212932</subfield>
    <subfield code="c">12212932</subfield>
  </datafield>
  <datafield tag="100" ind1=" " ind2=" ">
    <subfield code="a">20210407d2020    k  y0rusy50      ca</subfield>
  </datafield>
  <datafield tag="101" ind1="1" ind2=" ">
    <subfield code="a">rus</subfield>
    <subfield code="c">ger</subfield>
  </datafield>
  <datafield tag="102" ind1=" " ind2=" ">
    <subfield code="a">RU</subfield>
  </datafield>
  <datafield tag="105" ind1=" " ind2=" ">
    <subfield code="a">a|||z|||000zy</subfield>
  </datafield>
  <datafield tag="200" ind1="1" ind2=" ">
    <subfield code="a">[&#x421;&#x442;&#x430;&#x442;&#x44C;&#x438; &#x43F;&#x43E; &#x43C;&#x435;&#x442;&#x430;&#x43F;&#x441;&#x438;&#x445;&#x43E;&#x43B;&#x43E;&#x433;&#x438;&#x438;</subfield>
    <subfield code="d">Artikel zur Metapsychologie</subfield>
    <subfield code="f">&#x43F;&#x435;&#x440;. &#x441; &#x43D;&#x435;&#x43C;. &#x410;&#x43D;&#x434;&#x440;&#x435;&#x44F; &#x411;&#x43E;&#x43A;&#x43E;&#x432;&#x438;&#x43A;&#x43E;&#x432;&#x430;]</subfield>
    <subfield code="z">ger</subfield>
  </datafield>
  <datafield tag="210" ind1=" " ind2=" ">
    <subfield code="d">2020</subfield>
  </datafield>
  <datafield tag="215" ind1=" " ind2=" ">
    <subfield code="a">382, [2] &#x441;.</subfield>
    <subfield code="c">&#x438;&#x43B;.</subfield>
  </datafield>
  <datafield tag="225" ind1="1" ind2=" ">
    <subfield code="a">&#x420;&#x43E;&#x441;&#x441;&#x438;&#x439;&#x441;&#x43A;&#x43E;-&#x430;&#x432;&#x441;&#x442;&#x440;&#x438;&#x439;&#x441;&#x43A;&#x438;&#x439; &#x43F;&#x440;&#x43E;&#x435;&#x43A;&#x442;</subfield>
  </datafield>
  <datafield tag="300" ind1=" " ind2=" ">
    <subfield code="a">&#x41D;&#x430; &#x43E;&#x431;&#x43E;&#x440;&#x43E;&#x442;&#x435; &#x442;&#x438;&#x442;. &#x441;. &#x432; &#x43C;&#x430;&#x43A;&#x435;&#x442;&#x435; &#x437;&#x430;&#x433;&#x43B;. &#x442;&#x43E;&#x43C;&#x43E;&#x432;: &#x422;. 13. &#x421;&#x442;&#x430;&#x442;&#x44C;&#x438; &#x43F;&#x43E; &#x43C;&#x435;&#x442;&#x430;&#x43F;&#x441;&#x438;&#x445;&#x43E;&#x43B;&#x43E;&#x433;&#x438;&#x438;. &#x422;. 14. &#x421;&#x442;&#x430;&#x442;&#x44C;&#x438; &#x43F;&#x43E; &#x43C;&#x435;&#x442;&#x430;&#x43F;&#x441;&#x438;&#x445;&#x43E;&#x43B;&#x43E;&#x433;&#x438;&#x438; 2</subfield>
  </datafield>
  <datafield tag="320" ind1=" " ind2=" ">
    <subfield code="a">&#x411;&#x438;&#x431;&#x43B;&#x438;&#x43E;&#x433;&#x440;. &#x432; &#x43F;&#x43E;&#x434;&#x441;&#x442;&#x440;&#x43E;&#x447;. &#x43F;&#x440;&#x438;&#x43C;&#x435;&#x447;. &#x438; &#x432; &#x442;&#x435;&#x43A;&#x441;&#x442;&#x435;</subfield>
  </datafield>
  <datafield tag="461" ind1=" " ind2="0">
    <subfield code="1">001RU\NLR\bibl\844105</subfield>
    <subfield code="1">2001#$a&#x421;&#x43E;&#x431;&#x440;&#x430;&#x43D;&#x438;&#x435; &#x441;&#x43E;&#x447;&#x438;&#x43D;&#x435;&#x43D;&#x438;&#x439;$e&#x432; 26 &#x442;&#x43E;&#x43C;&#x430;&#x445;$f&#x417;&#x438;&#x433;&#x43C;&#x443;&#x43D;&#x434; &#x424;&#x440;&#x435;&#x439;&#x434;$g[&#x43F;&#x435;&#x440;. &#x441; &#x43D;&#x435;&#x43C;. &#x421;. &#x41F;&#x430;&#x43D;&#x43A;&#x43E;&#x432;&#x430;$g&#x43D;&#x430;&#x443;&#x447;. &#x440;&#x435;&#x434;. &#x41C;. &#x420;&#x435;&#x448;&#x435;&#x442;&#x43D;&#x438;&#x43A;&#x43E;&#x432;&#x430; &#x438; &#x412;. &#x41C;&#x430;&#x437;&#x438;&#x43D;&#x430;$g&#x43A;&#x43E;&#x43C;&#x43C;&#x435;&#x43D;&#x442;. &#x421;. &#x41F;&#x430;&#x43D;&#x43A;&#x43E;&#x432;&#x430; &#x438; &#x412;. &#x41C;&#x430;&#x437;&#x438;&#x43D;&#x430;]$v&#x422;. 13$v&#x422;. 14</subfield>
    <subfield code="1">700#1$3RU\NLR\auth\772621$a&#x424;&#x440;&#x435;&#x439;&#x434;$b&#x417;.$f1856-1939$g&#x417;&#x438;&#x433;&#x43C;&#x443;&#x43D;&#x434;$4070</subfield>
    <subfield code="9">1372067</subfield>
    <subfield code="a">&#x424;&#x440;&#x435;&#x439;&#x434;, &#x417;. (1856-1939)</subfield>
    <subfield code="c">&#x421;&#x430;&#x43D;&#x43A;&#x442;-&#x41F;&#x435;&#x442;&#x435;&#x440;&#x431;&#x443;&#x440;&#x433;</subfield>
    <subfield code="d">2005</subfield>
    <subfield code="f">&#x417;&#x438;&#x433;&#x43C;&#x443;&#x43D;&#x434; &#x424;&#x440;&#x435;&#x439;&#x434;</subfield>
    <subfield code="n">&#x412;&#x43E;&#x441;&#x442;&#x43E;&#x447;&#x43D;&#x43E;-&#x435;&#x432;&#x440;&#x43E;&#x43F;&#x435;&#x439;&#x441;&#x43A;&#x438;&#x439; &#x438;&#x43D;&#x441;&#x442;&#x438;&#x442;&#x443;&#x442; &#x43F;&#x441;&#x438;&#x445;&#x43E;&#x430;&#x43D;&#x430;&#x43B;&#x438;&#x437;&#x430;</subfield>
    <subfield code="o">&#x432; 26 &#x442;&#x43E;&#x43C;&#x430;&#x445;</subfield>
    <subfield code="t">&#x421;&#x43E;&#x431;&#x440;&#x430;&#x43D;&#x438;&#x435; &#x441;&#x43E;&#x447;&#x438;&#x43D;&#x435;&#x43D;&#x438;&#x439;</subfield>
    <subfield code="v">&#x422;. 13$v&#x422;. 14</subfield>
  </datafield>
  <datafield tag="510" ind1="1" ind2=" ">
    <subfield code="6">z11790</subfield>
    <subfield code="a">Artikel zur Metapsychologie</subfield>
    <subfield code="z">ger</subfield>
  </datafield>
  <datafield tag="512" ind1="1" ind2=" ">
    <subfield code="6">z11790</subfield>
    <subfield code="a">&#x421;&#x442;&#x430;&#x442;&#x44C;&#x438; &#x43F;&#x43E; &#x43C;&#x435;&#x442;&#x430;&#x43F;&#x441;&#x438;&#x445;&#x43E;&#x43B;&#x43E;&#x433;&#x438;&#x438;</subfield>
  </datafield>
  <datafield tag="517" ind1="1" ind2=" ">
    <subfield code="a">&#x421;&#x442;&#x430;&#x442;&#x44C;&#x438; &#x43F;&#x43E; &#x43C;&#x435;&#x442;&#x430;&#x43F;&#x441;&#x438;&#x445;&#x43E;&#x43B;&#x43E;&#x433;&#x438;&#x438; 2</subfield>
  </datafield>
  <datafield tag="790" ind1=" " ind2="1">
    <subfield code="7">ca</subfield>
    <subfield code="8">rus</subfield>
    <subfield code="a">&#x424;&#x440;&#x435;&#x439;&#x434;</subfield>
    <subfield code="b">&#x417;.</subfield>
    <subfield code="f">1856-1939</subfield>
    <subfield code="g">&#x417;&#x438;&#x433;&#x43C;&#x443;&#x43D;&#x434;</subfield>
    <subfield code="9">112631</subfield>
    <subfield code="3">RU\NLR\AUTH\772621</subfield>
  </datafield>
  <datafield tag="790" ind1=" " ind2="1">
    <subfield code="7">ba</subfield>
    <subfield code="8">ger</subfield>
    <subfield code="a">Freud</subfield>
    <subfield code="b">S.</subfield>
    <subfield code="f">1856-1939</subfield>
    <subfield code="g">Sigmund</subfield>
    <subfield code="9">112632</subfield>
    <subfield code="3">RU\NLR\AUTH\772622</subfield>
  </datafield>
  <datafield tag="942" ind1=" " ind2=" ">
    <subfield code="c">BOOK</subfield>
  </datafield>
  <datafield tag="980" ind1=" " ind2=" ">
    <subfield code="a">NB</subfield>
  </datafield>
  <datafield tag="995" ind1=" " ind2=" ">
    <subfield code="5">2021-04-07</subfield>
    <subfield code="a">ad</subfield>
    <subfield code="b">NLR01</subfield>
    <subfield code="c">NLR01</subfield>
    <subfield code="e">RF3</subfield>
    <subfield code="f">1-3339776</subfield>
    <subfield code="k">2005-5/5995</subfield>
    <subfield code="o">0</subfield>
    <subfield code="r">BOOK</subfield>
    <subfield code="s">200555995_</subfield>
  </datafield>
  <datafield tag="995" ind1=" " ind2=" ">
    <subfield code="5">2021-04-07</subfield>
    <subfield code="a">ad</subfield>
    <subfield code="b">NLR01</subfield>
    <subfield code="c">NLR01</subfield>
    <subfield code="e">RF3</subfield>
    <subfield code="f">1-3339777</subfield>
    <subfield code="k">2005-5/5995</subfield>
    <subfield code="o">0</subfield>
    <subfield code="r">BOOK</subfield>
    <subfield code="s">200555995_</subfield>
  </datafield>
</record>
